00758 am a2200253 x 45000010008000000080041000080150013000490200015000620820012000771000015000892400022001042450057001262500013001832600033001963000020002293500011002494900021002605000023002815040045003045460029003496500044003787000035004227000047004571185140811125s1981 enk w 00110 eng  aB8138356 a014044421100a32021900aAristotle.40aPoliticalEnglish14aThe politicscAristotlectranslated by T.A. Sinclair00aRev. ed. aHarmondsworthbPenguinc1981 a506pc18cmepbk00a£2.5000aPenguin classics aPrevious ed.: 196200aBibliography: p477-488. - Includes index00aTranslation of: Politica 0aPolitical sciencexEarly works to 1800.11aSinclair, T. A.q(Thomas Alan)11aSaunders, Trevor J.q(Trevor John),d1934-